| 000 | 01085nam0a22002411i 4500 | ||
|---|---|---|---|
| 001 | rc\4304079 | ||
| 005 | 20240724143135.0 | ||
| 021 |
_aRU _b[67-105122] |
||
| 035 | _a(NLR Aleph) 008257814 | ||
| 090 |
_a8377306 _c8377306 |
||
| 100 | _a20130416d1967 |||y0rusy50 ca | ||
| 101 | 0 | _arus | |
| 102 | _aRU | ||
| 105 | _ay bd ||||| | ||
| 200 | 1 |
_aФормирование табачных растений для получения дополнительного урожая с пасынков в орошаемых условиях Нуха-Закатальской зоны АзССР _e(№ 538 "Растениеводство") _eАвтореферат дис. на соискание учен. степени канд. с.-х. наук _fАзерб. с.-х. ин-т им. С. Агамалы оглы |
|
| 210 |
_aКировабад _d1967 |
||
| 215 | _a24 с. | ||
| 320 | _aСписок работ авт.: с. 24 (10 назв.) | ||
| 700 | 1 |
_aВахабов _bШ.З. _gШахид З. |
|
| 801 | 0 |
_aRU _bNLR _gpsbo |
|
| 801 | 1 |
_aRU _bELAR _2rusmarc |
|
| 852 |
_aNLR _j68-4/3936 |
||
| 942 | _cBOOK | ||